Countries by Initial Letter and Length - One Minute Sprint - Statistics

General Stats
  • This quiz has been taken 584 times
  • The average score is 14 of 20
Answer Stats
hint country % Correct
L4 Laos
99%
O4 Oman
98%
M4 Mali
97%
H5 Haiti
94%
P4 Peru
92%
F7 Finland
84%
D7 Denmark
78%
J7 Jamaica
77%
Z8 Zimbabwe
72%
P5 Palau
70%
T5 Tonga
70%
H8 Honduras
64%
L6 Latvia
57%
L5 Libya
56%
I9 Indonesia
51%
E8 Ethiopia
49%
A10 Azerbaijan
48%
K8 Kiribati
46%
L10 Luxembourg
35%
T10 Tajikistan
30%
No matching quizzes found
Score Distribution
Percent of People with Each Score
Percentile by Number Answered
Your Score History
You have not taken this quiz